[Event "51smm A Klausen-Brixen/Milland"]
[Site "?"]
[Date "2020.03.07"]
[Round "9.5"]
[White "Hellweg, Stephan"]
[Black "Schrott, Ernst"]
[Result "1-0"]
[WhiteElo "1770"]
[BlackElo "1867"]
[PlyCount "80"]
[EventDate "2020.03.07"]

1. e4 c5 2. Nf3 Nf6 3. Nc3 Nc6 4. d4 cxd4 5. Nxd4 g6 6. Be2 Bg7 7. Be3 O-O 8.
O-O d6 9. h3 Nxd4 10. Bxd4 b6 11. Bf3 Bb7 12. Re1 Nd7 13. Bxg7 Kxg7 14. Qd4+
Kg8 15. Rad1 Rc8 16. Qe3 Ne5 17. Be2 Nc4 18. Bxc4 Rxc4 19. Qd2 Qc8 20. a3 a6
21. Rc1 Qc5 22. Qe3 Qc7 23. Nd5 Bxd5 24. exd5 Re8 25. c3 e5 26. dxe6 fxe6 27.
Rcd1 b5 28. Qg3 Rc6 29. h4 e5 30. h5 Qf7 31. hxg6 hxg6 32. Re4 Kg7 33. Rd3 Re6
34. Qh4 Qf6 35. Qg3 Qf7 36. Rh4 Rc4 37. Qh3 Rxh4 38. Qxh4 Qf6 39. Qe4 Qe7 40.
Rh3 g5 1-0

[Event "51smm A Klausen-Brixen/Milland"]
[Site "?"]
[Date "2020.03.07"]
[Round "9.6"]
[White "Haller, Quentin"]
[Black "Kofler, Oswald"]
[Result "0-1"]
[WhiteElo "1797"]
[BlackElo "1807"]
[PlyCount "120"]
[EventDate "2020.03.07"]

1. d4 d5 2. Bf4 Nf6 3. e3 e6 4. Nf3 c5 5. c3 Nc6 6. Nbd2 Be7 7. h3 O-O 8. Be2
Re8 9. O-O a6 10. a3 cxd4 11. exd4 Bd6 12. Ne5 Qc7 13. Re1 Nd7 14. Bd3 Ndxe5
15. dxe5 Nxe5 16. Bxe5 Bxe5 17. Bxh7+ Kf8 18. Qf3 Bd7 19. Bd3 Bc6 20. Qh5 Bf6
21. Nf3 g6 22. Qh6+ Bg7 23. Qh4 e5 24. Qg3 Qe7 25. Bf1 e4 26. Nd4 Be5 27. Qe3
Qf6 28. g3 Kg7 29. h4 Bd7 30. Rad1 Rh8 31. Bg2 Bg4 32. Rd2 Rad8 33. f3 Bxg3 34.
fxg4 Bxe1 35. Qxe1 Qxh4 36. Qxh4 Rxh4 37. Kf2 Rxg4 38. c4 Re8 39. Nc2 dxc4 40.
Ne3 Rg5 41. Nxc4 b5 42. Ne3 Rge5 43. Kg3 f5 44. Bh3 Kf6 45. Rf2 Kg5 46. Bf1 Rd8
47. Rg2 Kf6 48. Rf2 Re6 49. Kg2 Red6 50. Ng4+ Ke6 51. Ne3 Rd2 52. b3 Rxf2+ 53.
Kxf2 Rd2+ 54. Kg3 Ra2 55. a4 Ke5 56. Nd1 bxa4 57. Bxa6 axb3 58. Bc4 Rd2 59. Nf2
b2 60. Ba2 f4+ 0-1

[Event "51smm B Bruneck-Merania"]
[Site "?"]
[Date "2020.03.07"]
[Round "9.1"]
[White "Bonagura, Stefano"]
[Black "Moling, Patrick"]
[Result "1/2-1/2"]
[WhiteElo "2231"]
[BlackElo "2055"]
[PlyCount "20"]
[EventDate "2020.03.07"]

1. e4 g6 2. Nc3 Bg7 3. d4 d6 4. Nf3 Nf6 5. Be2 O-O 6. Bf4 Nc6 7. O-O Bg4 8. d5
Bxf3 9. Bxf3 Ne5 10. Be2 c6 1/2-1/2

[Event "51smm B Bruneck-Merania"]
[Site "?"]
[Date "2020.03.07"]
[Round "9.2"]
[White "Peintner, Andreas"]
[Black "Teutsch, Alexander"]
[Result "1/2-1/2"]
[WhiteElo "1926"]
[BlackElo "2061"]
[PlyCount "39"]
[EventDate "2020.03.07"]

1. d4 Nf6 2. c4 c5 3. d5 e6 4. Nc3 Bd6 5. e4 Be5 6. Nge2 O-O 7. f4 Bxc3+ 8.
Nxc3 exd5 9. exd5 Re8+ 10. Be2 d6 11. O-O Bf5 12. Bf3 Qd7 13. h3 Na6 14. a3 Nc7
15. g4 Be4 16. Kg2 Bxf3+ 17. Qxf3 Qe7 18. Bd2 Qf8 19. Qd3 a6 20. a4 1/2-1/2

[Event "51smm B Bruneck-Merania"]
[Site "?"]
[Date "2020.03.07"]
[Round "9.3"]
[White "Battiston, Claudio"]
[Black "Balzarini, Franco"]
[Result "1/2-1/2"]
[WhiteElo "1812"]
[BlackElo "1832"]
[PlyCount "40"]
[EventDate "2020.03.07"]

1. d4 d5 2. c4 e6 3. Nc3 Nf6 4. Bg5 Be7 5. e3 c5 6. Nf3 a6 7. Bd3 dxc4 8. Bxc4
b5 9. Bd3 c4 10. Bb1 O-O 11. O-O Bb7 12. Bxf6 Bxf6 13. a4 b4 14. Ne4 Nd7 15.
Qe2 Qc7 16. Rc1 Rac8 17. Nfd2 c3 18. bxc3 Be7 19. c4 f5 20. Ng3 Nf6 1/2-1/2

[Event "51smm B Bruneck-Merania"]
[Site "?"]
[Date "2020.03.07"]
[Round "9.4"]
[White "Niederkofler, Andreas"]
[Black "Zuev, Mikhail"]
[Result "1/2-1/2"]
[WhiteElo "1805"]
[BlackElo "1692"]
[PlyCount "30"]
[EventDate "2020.03.07"]

1. e4 e5 2. Nf3 Nc6 3. Bc4 Nf6 4. d3 Bc5 5. c3 a5 6. O-O d6 7. Na3 O-O 8. Nb5
Bg4 9. Bg5 Bb6 10. h3 Be6 11. Bxe6 fxe6 12. Qb3 Qd7 13. a4 Nh5 14. d4 Nf4 15.
Bxf4 Rxf4 1/2-1/2

[Event "51smm B Bruneck-Merania"]
[Site "?"]
[Date "2020.03.07"]
[Round "9.5"]
[White "Tappeiner, Michael"]
[Black "Peintner, Markus"]
[Result "1/2-1/2"]
[WhiteElo "1803"]
[BlackElo "1504"]
[PlyCount "27"]
[EventDate "2020.03.07"]

1. c4 g6 2. Nc3 Bg7 3. Nf3 Nf6 4. g3 O-O 5. Bg2 c5 6. O-O Nc6 7. a3 d5 8. cxd5
Nxd5 9. Nxd5 Qxd5 10. d3 Qh5 11. Rb1 Bh3 12. Be3 Bxg2 13. Kxg2 Rac8 14. Qa4
1/2-1/2

[Event "51smm B Groeden 2-Lana"]
[Site "?"]
[Date "2020.03.07"]
[Round "9.1"]
[White "Pichler, Norbert"]
[Black "Casadio, Lorenzo"]
[Result "0-1"]
[WhiteElo "1900"]
[BlackElo "1771"]
[PlyCount "100"]
[EventDate "2020.03.07"]

1. d4 Nf6 2. c4 e5 3. d5 Bb4+ 4. Bd2 a5 5. Qc2 d6 6. Nc3 Na6 7. a3 Bxc3 8. Bxc3
Nc5 9. b4 axb4 10. axb4 Rxa1+ 11. Bxa1 Na6 12. Bc3 O-O 13. e3 c6 14. dxc6 bxc6
15. Nf3 Qb6 16. Qb1 Bg4 17. Be2 Rb8 18. O-O Nxb4 19. Rd1 c5 20. Bxb4 cxb4 21.
h3 Bh5 22. g4 Bg6 23. Qb2 Ne4 24. Ra1 Nc3 25. Bd1 Bd3 26. Bb3 Qc7 27. Nd2 Qd8
28. Bc2 Be2 29. Ne4 Nxe4 30. Bxe4 Bxc4 31. Bxh7+ Kxh7 32. Qc2+ Kg8 33. Qxc4 d5
34. Qb3 Qd6 35. Rd1 Rb5 36. Qd3 Qc5 37. Qf5 Qc3 38. Qd7 Rb8 39. Qd6 Rc8 40.
Qxd5 b3 41. Rb1 b2 42. Kg2 Qc2 43. Qa2 Rb8 44. h4 Kh7 45. Kg3 e4 46. h5 Kg8 47.
Kg2 Qe2 48. Qa7 Qf3+ 49. Kf1 Qh1+ 50. Ke2 Qxb1 0-1

[Event "51smm B Groeden 2-Lana"]
[Site "?"]
[Date "2020.03.07"]
[Round "9.2"]
[White "Scola, Matteo"]
[Black "Kofler, Albin Ernst"]
[Result "0-1"]
[WhiteElo "1746"]
[BlackElo "1481"]
[PlyCount "48"]
[EventDate "2020.03.07"]

1. d4 b6 2. c4 Bb7 3. Nc3 e6 4. e4 Nf6 5. Bd3 Bb4 6. Qc2 h6 7. Nge2 Qe7 8. O-O
Bxc3 9. bxc3 O-O 10. a4 d6 11. Ng3 Nc6 12. Ba3 Qd7 13. e5 Ne8 14. f4 f5 15.
Rab1 Ne7 16. c5 Rc8 17. Kh1 Bc6 18. cxd6 cxd6 19. exd6 Nd5 20. Ba6 Rb8 21. Qd3
Nef6 22. c4 Nc7 23. Bb5 Rfc8 24. c5 Nxb5 0-1

[Event "51smm B Groeden 2-Lana"]
[Site "?"]
[Date "2020.03.07"]
[Round "9.3"]
[White "Del Rosso, Peter Karl"]
[Black "Knottner, Klaus"]
[Result "0-1"]
[WhiteElo "1538"]
[BlackElo "1627"]
[PlyCount "144"]
[EventDate "2020.03.07"]

1. b4 {[%emt 0:00:00]} 1... Nf6 {[%emt 0:00:00]} 2. Bb2 d5 3. e3 e6 4. b5 c5 5.
Nf3 Nbd7 6. c4 Be7 7. cxd5 exd5 8. a4 O-O 9. Be2 b6 10. O-O Re8 11. d3 Bd6 12.
Nbd2 Bb7 13. Nb3 Bc7 14. Rc1 Rc8 15. a5 Qe7 16. a6 Ba8 17. Re1 Nf8 18. Nfd2 Ng6
19. Na1 Rcd8 20. Qa4 Qe6 21. Bf3 Ne5 22. Bxe5 Qxe5 23. g3 Qf5 24. Qc2 Qd7 25.
Qb1 Qf5 26. Nab3 Qd7 27. Na1 Qh3 28. Bg2 Qh6 29. Nf3 Qh5 30. Nc2 Bd6 31. Nh4
Qg4 32. h3 Qe6 33. Nf3 h6 34. Re2 Qd7 35. Rce1 Bc7 36. Kh2 Re7 37. Nd2 Qf5 38.
e4 dxe4 39. dxe4 Qe6 40. f3 Red7 41. Nf1 Rd3 42. Nce3 g6 43. Nd5 Bxd5 44. exd5
Qxd5 45. f4 Qd4 46. Re7 Rd7 47. Bc6 Rxe7 48. Rxe7 Qf2+ 49. Bg2 Rd7 50. Rxd7
Nxd7 51. Qe4 Qd4 52. Qe7 Qd6 53. Qe8+ Kg7 54. Ne3 Nf6 55. Qa8 Bb8 56. Nc4 Qc7
57. Ne5 g5 58. Nc6 Nd7 59. Nxb8 Qxb8 60. Qe4 Nf6 61. Qf5 gxf4 62. gxf4 Qd6 63.
Bc6 Qd2+ 64. Kg3 Qe1+ 65. Kh2 Qf2+ 66. Bg2 c4 67. Qe5 Qd2 68. Qc7 c3 69. f5 c2
70. Qg3+ Qg5 71. Qc7 c1=Q 72. Qxa7 Qgf4# 0-1

[Event "51smm B Groeden 2-Lana"]
[Site "?"]
[Date "2020.03.07"]
[Round "9.4"]
[White "Kasslatter, Matthias"]
[Black "Menghin, Karl"]
[Result "1-0"]
[WhiteElo "1493"]
[BlackElo "1425"]
[PlyCount "63"]
[EventDate "2020.03.07"]

1. e4 Nc6 2. d4 d5 3. exd5 Qxd5 4. Nf3 Bf5 5. Nc3 Qa5 6. Bb5 a6 7. Bxc6+ bxc6
8. O-O Nf6 9. Ne5 Qb6 10. Qf3 Bd7 11. Ne4 O-O-O 12. Nxf6 gxf6 13. Nxf7 Rg8 14.
Nxd8 Kxd8 15. h3 Be6 16. Qc3 Bd5 17. g3 Qb5 18. Bf4 Qe2 19. Rfe1 Qh5 20. Kh2
Bf3 21. Qb3 Bd5 22. Qb8+ Kd7 23. Qxc7+ Ke8 24. c4 Qf3 25. cxd5 Qxf2+ 26. Kh1
Qf3+ 27. Kg1 Qxd5 28. Re3 Rg7 29. Rae1 Qxd4 30. Bh6 Rg6 31. Bxf8 Kxf8 32. Kh2
1-0

[Event "51smm B Groeden 2-Lana"]
[Site "?"]
[Date "2020.03.07"]
[Round "9.5"]
[White "Unterthurner, Walter"]
[Black "Grossrubatscher, Johann"]
[Result "1/2-1/2"]
[WhiteElo "1372"]
[BlackElo "1537"]
[PlyCount "53"]
[EventDate "2020.03.07"]

1. e4 {[%emt 0:00:00]} 1... d5 2. exd5 Qxd5 3. Nf3 Nf6 4. Nc3 Qa5 5. Be2 Bf5 6.
d3 c6 7. O-O e6 8. Bd2 Qc7 9. h3 Nbd7 10. a3 h6 11. Be3 g5 12. Nd4 Bg6 13. b4
Be7 14. Nb3 Rd8 15. Qc1 Nh5 16. Bxh5 Bxh5 17. Ne4 f5 18. Nec5 Nxc5 19. Nxc5
Bxc5 20. Bxc5 b6 21. Qb2 Kf7 22. Bd4 Rhg8 23. Be5 Qe7 24. Qc1 Rg6 25. g3 Bf3
26. Qe3 g4 27. h4 1/2-1/2

[Event "51smm B Kaltern/Tramin2-Steinegg"]
[Site "?"]
[Date "2020.03.07"]
[Round "9.1"]
[White "Engl, Stefan"]
[Black "Maier, Fridolin"]
[Result "1-0"]
[WhiteElo "1984"]
[BlackElo "1805"]
[PlyCount "67"]
[EventDate "2020.03.07"]

1. e4 e5 2. Nf3 Nc6 3. d4 exd4 4. Bc4 Nf6 5. e5 d5 6. Bb5 Ne4 7. Nxd4 Bd7 8.
Bxc6 bxc6 9. O-O Bc5 10. f3 Ng5 11. Be3 O-O 12. f4 Ne4 13. Nd2 f5 14. Nxe4 fxe4
15. Qd2 Bb6 16. Nb3 Qe7 17. Rae1 Bc8 18. Qc3 Qe6 19. Nc5 Qg6 20. Kh1 a5 21. Na4
Bxe3 22. Qxe3 Rd8 23. Rd1 Ba6 24. Rf2 Qf5 25. Nc5 Bc8 26. b3 Ba6 27. h3 a4 28.
g4 Qf7 29. f5 Bc8 30. Nxe4 axb3 31. cxb3 Qe7 32. Nc5 Bxf5 33. gxf5 Kf7 34. f6
1-0

[Event "51smm B Kaltern/Tramin2-Steinegg"]
[Site "?"]
[Date "2020.03.07"]
[Round "9.2"]
[White "Dibiasi, Rainer"]
[Black "Pichler, Martin"]
[Result "0-1"]
[WhiteElo "1822"]
[BlackElo "1835"]
[PlyCount "124"]
[EventDate "2020.03.07"]

1. g3 g6 2. Bg2 Bg7 3. e4 d6 4. Ne2 c5 5. O-O Nc6 6. c3 Qb6 7. Na3 Bg4 8. f3
Be6 9. Nf4 Bd7 10. Nd5 Qd8 11. d3 e6 12. Ne3 a6 13. f4 Nge7 14. g4 f5 15. gxf5
exf5 16. Nac4 Qc7 17. Nd5 Nxd5 18. exd5 Ne7 19. Re1 Kf7 20. Nd2 Rae8 21. Nf3 h6
22. c4 b5 23. h4 Bf6 24. Rf1 Rhg8 25. Kh1 Nc8 26. Rb1 Qd8 27. h5 g5 28. d4 g4
29. Ne5+ Bxe5 30. dxe5 Qh4+ 31. Kg1 dxe5 32. fxe5 Rxe5 33. Bd2 g3 34. Rf3 Rge8
35. Kf1 Qxc4+ 36. Kg1 Re2 37. Bf4 Re1+ 38. Qxe1 Rxe1+ 39. Rxe1 Qd4+ 40. Kh1
Qxb2 41. Rxg3 Qf6 42. Rh3 c4 43. Be5 Qg5 44. Kg1 Qd2 45. Bc3 Qg5 46. Be5 b4 47.
Rg3 Qd2 48. Rf1 c3 49. Bf4 Qd4+ 50. Kh1 Bb5 51. Be3 Qh4+ 52. Rh3 Qg4 53. Rxf5+
Qxf5 54. Rf3 Qxf3 55. Bxf3 Bc4 56. Bxh6 Bxa2 57. Bf4 Bb1 58. d6 Nxd6 59. Bxd6
a5 60. Bd5+ Kg7 61. Bb3 Be4+ 62. Kg1 c2 0-1

[Event "51smm B Kaltern/Tramin2-Steinegg"]
[Site "?"]
[Date "2020.03.07"]
[Round "9.3"]
[White "Engl, Alexander"]
[Black "Thaler, Elmar"]
[Result "1/2-1/2"]
[WhiteElo "1803"]
[BlackElo "1679"]
[PlyCount "122"]
[EventDate "2020.03.07"]

1. e4 c6 2. d4 d5 3. Nd2 dxe4 4. Nxe4 Nd7 5. Nf3 Ngf6 6. Nxf6+ Nxf6 7. Bd3 g6
8. O-O Bg7 9. c3 O-O 10. Bg5 e6 11. Ne5 Qc7 12. Qf3 Nd5 13. Ng4 h5 14. Nh6+ Kh8
15. Rae1 f5 16. c4 Nf6 17. h3 Kh7 18. Qe3 Bd7 19. g4 Rae8 20. Bf4 Qb6 21. g5
Ng8 22. Nxg8 Bxd4 23. Qg3 Rxg8 24. Bc7 Qc5 25. b4 Qe7 26. Qh4 e5 27. c5 Be6 28.
Bxe5 Bxe5 29. Rxe5 Qd7 30. Bc2 Bxa2 31. Rxf5 Qd2 32. Be4 Kg7 33. Rf4 Rgf8 34.
Rxf8 Rxf8 35. Qg3 Qf4 36. Qxf4 Rxf4 37. f3 Bd5 38. Bxd5 cxd5 39. Rd1 d4 40. Kg2
h4 41. Kf2 Kf7 42. b5 Ke6 43. Ra1 Rf5 44. Rxa7 Rxc5 45. Rxb7 Rc2+ 46. Kf1 Ke5
47. Rd7 Rb2 48. f4+ Ke4 49. f5 Rxb5 50. f6 Rxg5 51. f7 Rf5+ 52. Ke2 g5 53. Re7+
Kd5 54. Rd7+ Ke6 55. Rxd4 Kxf7 56. Rd6 Rf4 57. Ra6 Rb4 58. Kf3 Rb3+ 59. Kg4
Rg3+ 60. Kh5 Rxh3 61. Kxg5 Rh1 1/2-1/2

[Event "51smm B Kaltern/Tramin2-Steinegg"]
[Site "?"]
[Date "2020.03.07"]
[Round "9.4"]
[White "Dallaglio, Giovanni"]
[Black "Lantschner, Carmen"]
[Result "1-0"]
[WhiteElo "1917"]
[BlackElo "1669"]
[PlyCount "111"]
[EventDate "2020.03.07"]

1. d4 d6 2. Nf3 g6 3. c4 Nf6 4. Nc3 Bf5 5. e3 Bg7 6. Bd3 Bxd3 7. Qxd3 Nbd7 8.
O-O O-O 9. Rd1 c5 10. b3 Rc8 11. Bb2 Re8 12. d5 Ne5 13. Nxe5 dxe5 14. f4 exf4
15. exf4 Qd6 16. g3 a6 17. Rd2 Rcd8 18. Rad1 Rd7 19. Ne4 Nxe4 20. Qxe4 Red8 21.
Bxg7 Kxg7 22. Qe5+ f6 23. Qe4 Kf7 24. g4 e6 25. g5 exd5 26. Rxd5 Qe6 27. Rxd7+
Rxd7 28. Rxd7+ Qxd7 29. gxf6 b6 30. Kf2 Kxf6 31. Qe5+ Kf7 32. Kg3 Qd3+ 33. Kh4
Qd8+ 34. Qg5 Qxg5+ 35. Kxg5 b5 36. f5 bxc4 37. fxg6+ hxg6 38. bxc4 a5 39. Kf4
Kf6 40. a4 Ke6 41. Kg5 Kf7 42. Kh6 Kf6 43. h4 Kf5 44. Kg7 g5 45. h5 g4 46. h6
g3 47. h7 g2 48. h8=Q g1=Q+ 49. Kf8 Qd4 50. Qh5+ Ke4 51. Qh1+ Kd3 52. Qf1+ Kd2
53. Ke7 Kc3 54. Qe1+ Qd2 55. Qxd2+ Kxd2 56. Kd6 1-0

[Event "51smm B Kaltern/Tramin2-Steinegg"]
[Site "?"]
[Date "2020.03.07"]
[Round "9.5"]
[White "Schroffenegger, Simon"]
[Black "Martinelli, Michele"]
[Result "0-1"]
[WhiteElo "1527"]
[BlackElo "1628"]
[PlyCount "90"]
[EventDate "2020.03.07"]

1. e4 d6 2. d4 g6 3. f4 Bg7 4. Nf3 Nf6 5. e5 dxe5 6. fxe5 Nfd7 7. Bc4 O-O 8.
O-O h6 9. Qe1 e6 10. c3 c5 11. Nbd2 cxd4 12. cxd4 Nb6 13. Bd3 Nc6 14. Nb3 Nd5
15. Qe4 Qb6 16. Nc5 Qd8 17. Nh4 Nde7 18. Be3 Nf5 19. Nxf5 exf5 20. Qf4 g5 21.
Qf2 f4 22. Nb3 Nxe5 23. dxe5 Qxd3 24. Bd4 Bg4 25. Rfe1 b6 26. Rac1 Rac8 27. Rc3
Qb5 28. h3 Be6 29. Qe2 Qa4 30. Rec1 Bxb3 31. Rxc8 Qxd4+ 32. Kf1 Be6 33. Rxf8+
Kxf8 34. Qf3 Bxe5 35. b3 Qe3 36. Qxe3 fxe3 37. Ke2 Bf4 38. Rf1 Bc8 39. Kf3 Bb7+
40. Kg4 Bxg2 41. Re1 Kg7 42. h4 Kg6 43. h5+ Kf6 44. Re2 Bf1 45. Re1 e2 0-1

[Event "51smm B Klausen2-Gries"]
[Site "?"]
[Date "2020.03.07"]
[Round "9.1"]
[White "De Vita, Gianni"]
[Black "Sigmund, Ingenuin"]
[Result "1-0"]
[WhiteElo "1992"]
[BlackElo "1701"]
[PlyCount "85"]
[EventDate "2020.03.07"]

1. Nf3 {[%emt 0:00:00]} 1... d5 {[%emt 0:00:00]} 2. g3 Nf6 3. Bg2 c5 4. b3 Nc6
5. Bb2 d4 6. d3 e5 7. Nbd2 Bd6 8. O-O O-O 9. e4 Be6 10. Ng5 Bg4 11. f3 Bc8 12.
Nc4 Bc7 13. f4 b5 14. Na3 Rb8 15. f5 Qd6 16. g4 h6 17. Nh3 Nh7 18. Bc1 f6 19.
Nb1 a5 20. Nd2 Bd7 21. Nf3 Ra8 22. Bd2 a4 23. Qe2 Ra6 24. Rfb1 Rfa8 25. Qe1 Ba5
26. Bxa5 Rxa5 27. Nf2 Nb4 28. Qc1 axb3 29. axb3 Na2 30. Qb2 Qa6 31. Nd1 c4 32.
bxc4 bxc4 33. dxc4 Nc3 34. Rxa5 Qxa5 35. Nxc3 dxc3 36. Qb7 Qc5+ 37. Kh1 Bc6 38.
Qc7 Ra5 39. Nh4 Nf8 40. Ng6 Bxe4 41. Qxc5 Bxg2+ 42. Kxg2 Rxc5 43. Rb8 1-0

[Event "51smm B Klausen2-Gries"]
[Site "?"]
[Date "2020.03.07"]
[Round "9.2"]
[White "Blasbichler, Robert"]
[Black "Zammarchi, Massimo"]
[Result "0-1"]
[WhiteElo "1617"]
[BlackElo "1932"]
[PlyCount "44"]
[EventDate "2020.03.07"]

1. e4 e5 2. Nf3 Nc6 3. Bb5 a6 4. Ba4 Nf6 5. O-O Be7 6. Re1 b5 7. Bb3 O-O 8. c3
d5 9. exd5 Nxd5 10. Nxe5 Nxe5 11. Rxe5 Nf6 12. d4 Bd6 13. Re1 Ng4 14. h3 Qh4
15. Be3 Bh2+ 16. Kh1 Bf4 17. Qf3 Bxe3 18. Rxe3 Nxe3 19. Qxe3 Bb7 20. Nd2 Rae8
21. Nf3 Rxe3 22. Nxh4 Rxh3+ 0-1

[Event "51smm B Klausen2-Gries"]
[Site "?"]
[Date "2020.03.07"]
[Round "9.3"]
[White "Fongarolli, Diego"]
[Black "Rabanser, Harald"]
[Result "1-0"]
[WhiteElo "1921"]
[BlackElo "1552"]
[PlyCount "58"]
[EventDate "2020.03.07"]

1. e4 c5 2. Nf3 Nc6 3. d4 cxd4 4. Nxd4 Nxd4 5. Qxd4 d6 6. Nc3 Bd7 7. Bc4 Nf6 8.
Bg5 Qb6 9. Qxb6 axb6 10. Be3 Rc8 11. Bd3 b5 12. Nxb5 Nxe4 13. Na7 Nc5 14. Nxc8
Nxd3+ 15. cxd3 Bxc8 16. Rc1 Bd7 17. O-O g6 18. Rc7 Bc6 19. Re1 e5 20. f4 Bg7
21. fxe5 dxe5 22. Bc5 Bd5 23. a4 h5 24. a5 Rh7 25. a6 bxa6 26. Ra1 Bf6 27. Rxa6
Bg5 28. Raa7 h4 29. Rc8+ Bd8 1-0

[Event "51smm B Klausen2-Gries"]
[Site "?"]
[Date "2020.03.07"]
[Round "9.4"]
[White "Gafriller, Alexander"]
[Black "Paulmichl, Martin"]
[Result "0-1"]
[WhiteElo "1287"]
[BlackElo "1888"]
[PlyCount "120"]
[EventDate "2020.03.07"]

1. e4 {[%emt 0:00:00]} 1... e6 2. Nf3 d5 3. e5 c5 4. d4 Nc6 5. Bb5 Bd7 6. Bxc6
Bxc6 7. c3 Ne7 8. Bg5 Qb6 9. Qc2 cxd4 10. Nxd4 Ng6 11. Be3 Bd7 12. Nf3 Qc7 13.
Bd4 Bb5 14. a4 Ba6 15. Qd2 Rc8 16. b4 Bxb4 17. cxb4 Qc1+ 18. Qd1 Nf4 19. Qxc1
Rxc1+ 20. Kd2 Rxh1 21. b5 Nxg2 22. bxa6 bxa6 23. Na3 Rxa1 24. Bxa1 Kd7 25. Bd4
Rb8 26. Nc2 h6 27. Bxa7 Rb3 28. Ng1 Nf4 29. a5 Rd3+ 30. Kc1 Ng6 31. Bd4 Ne7 32.
Kb2 Nc6 33. Bc3 d4 34. Be1 Nxe5 35. Ne2 Nc4+ 36. Kc1 e5 37. f4 Rh3 38. fxe5 d3
39. Nf4 Rf3 40. e6+ fxe6 41. Nxe6 d2+ 42. Bxd2 Rf1+ 43. Be1 Kxe6 44. Kd1 Rh1
45. Nb4 Nxa5 46. Nxa6 Nc6 47. Nc5+ Kf5 48. h4 Nd4 49. Nd3 Nf3 50. Ke2 Nxe1 51.
Nxe1 Rxe1+ 52. Kxe1 Kg4 53. Kf2 Kxh4 54. Kg2 Kg4 55. Kh2 g5 56. Kg2 h5 57. Kh2
Kf3 58. Kg1 g4 59. Kf1 g3 60. Kg1 g2 0-1

[Event "51smm B Klausen2-Gries"]
[Site "?"]
[Date "2020.03.07"]
[Round "9.5"]
[White "Niederstaetter, Harald"]
[Black "Senn, Stefan"]
[Result "1-0"]
[WhiteElo "1880"]
[BlackElo "1288"]
[PlyCount "51"]
[EventDate "2020.03.07"]

1. d4 d5 2. Nf3 c5 3. c3 e6 4. Bf4 Nf6 5. e3 Bd6 6. Bg3 c4 7. Nbd2 O-O 8. Qc2
g6 9. e4 Nxe4 10. Nxe4 dxe4 11. Qxe4 f5 12. Qc2 b5 13. Bxd6 Qxd6 14. a4 Qd5 15.
axb5 Bd7 16. Be2 Bxb5 17. Ne5 Qxg2 18. Bf3 Qh3 19. Bxa8 Nc6 20. Bxc6 Bxc6 21.
Nxc6 Qf3 22. Ne7+ Kf7 23. Rf1 Kxe7 24. Rxa7+ Kf6 25. Qe2 Qd5 26. f4 1-0

[Event "51smm B Merania-Lana"]
[Site "?"]
[Date "2020.01.11"]
[Round "5.1"]
[White "Pichler, Norbert"]
[Black "Bonagura, Stefano"]
[Result "0-1"]
[WhiteElo "1900"]
[BlackElo "2231"]
[PlyCount "58"]
[EventDate "2020.11.01"]

1. d4 Nf6 2. Nf3 d5 3. c4 e6 4. g3 Bb4+ 5. Nbd2 O-O 6. Bg2 Nc6 7. O-O Rb8 8.
Qc2 dxc4 9. Qxc4 Qe7 10. a3 Bd6 11. e4 e5 12. d5 Nd8 13. b4 c6 14. Bb2 b5 15.
Qd3 Nd7 16. Nh4 g6 17. Qc3 c5 18. bxc5 Nxc5 19. a4 Nxa4 20. Rxa4 bxa4 21. Nc4
Rb3 22. Qd2 Ba6 23. Nxd6 Qxd6 24. Rc1 a3 25. Ba1 f6 26. Qd1 Rb7 27. Bh3 a2 28.
Qc2 Qa3 29. Bc8 Qxc1+ 0-1

[Event "51smm B Merania-Lana"]
[Site "?"]
[Date "2020.01.11"]
[Round "5.2"]
[White "Teutsch, Alexander"]
[Black "Kofler, Albin Ernst"]
[Result "1-0"]
[WhiteElo "2061"]
[BlackElo "1481"]
[PlyCount "69"]
[EventDate "2020.11.01"]

1. d4 b6 2. e4 Bb7 3. Bd3 e6 4. Ne2 g6 5. O-O Bg7 6. f4 d6 7. Qe1 Nd7 8. a4 a6
9. c3 Ne7 10. f5 e5 11. Qh4 Ng8 12. Bg5 Bf6 13. fxg6 hxg6 14. Qxh8 Bxh8 15.
Bxd8 Rxd8 16. Nd2 Ke7 17. g4 Ngf6 18. g5 Nh5 19. Rf2 Rf8 20. Raf1 Bg7 21. Bc4
f6 22. gxf6+ Nhxf6 23. Rg2 Bh6 24. Ng3 exd4 25. Re2 Ne5 26. cxd4 Nxc4 27. Nxc4
Kd7 28. e5 Nd5 29. Rxf8 Bxf8 30. Rf2 Ke8 31. Ne4 dxe5 32. Nxe5 Bg7 33. Ng5 Nf6
34. Ne6 Nh5 35. Nxc7+ 1-0

[Event "51smm B Merania-Lana"]
[Site "?"]
[Date "2020.01.11"]
[Round "5.3"]
[White "Del Rosso, Peter Karl"]
[Black "Battiston, Claudio"]
[Result "1/2-1/2"]
[WhiteElo "1538"]
[BlackElo "1812"]
[PlyCount "48"]
[EventDate "2020.11.01"]

1. b4 e5 2. Bb2 Bxb4 3. Bxe5 Nf6 4. Bb2 d5 5. e3 O-O 6. Nf3 c6 7. c4 Be7 8.
cxd5 cxd5 9. Be2 Nc6 10. O-O Ne4 11. d3 Bf6 12. Bxf6 Qxf6 13. d4 Rb8 14. Qb3
Rd8 15. Rd1 Bf5 16. Nbd2 Qd6 17. a3 b5 18. Rdc1 Na5 19. Qb4 Nc4 20. Nb3 Qb6 21.
Qe7 Re8 22. Qb4 a5 23. Qe1 b4 24. Nbd2 Qd6 1/2-1/2

[Event "51smm B Merania-Lana"]
[Site "?"]
[Date "2020.01.11"]
[Round "5.4"]
[White "Tomisich, Claudio"]
[Black "Menghin, Karl"]
[Result "1-0"]
[WhiteElo "1551"]
[BlackElo "1425"]
[PlyCount "56"]
[EventDate "2020.11.01"]

1. e4 Nc6 2. d4 d5 3. e5 Bf5 4. Nf3 h6 5. Bb5 Bd7 6. O-O Nxe5 7. Nxe5 Bxb5 8.
Qh5 g6 9. Nxg6 fxg6 10. Qxg6+ Kd7 11. Re1 Kc8 12. Nc3 Be8 13. Qf5+ Bd7 14. Qxd5
Nf6 15. Qe5 Rg8 16. Bf4 a6 17. Rad1 e6 18. Ne4 Nxe4 19. Qxe4 Kb8 20. d5 Qc8 21.
g3 Bc5 22. dxe6 Bc6 23. Qc4 Be7 24. Rd7 Bxd7 25. exd7 Qd8 26. Rxe7 Rxg3+ 27.
hxg3 Qxe7 28. Qxc7+ Ka7 1-0

[Event "51smm B Merania-Lana"]
[Site "?"]
[Date "2020.01.11"]
[Round "5.5"]
[White "Unterthurner, Walter"]
[Black "Kaserer, Hanspeter"]
[Result "0-1"]
[WhiteElo "1372"]
[BlackElo "1678"]
[PlyCount "64"]
[EventDate "2020.11.01"]

1. e4 e5 2. Nf3 Nc6 3. Bc4 Nf6 4. d3 Be7 5. O-O O-O 6. Nc3 d6 7. h3 Na5 8. Bb3
Nxb3 9. axb3 c6 10. Be3 b6 11. Qe2 Bb7 12. Rfd1 d5 13. exd5 cxd5 14. Bd2 d4 15.
Ne4 Nxe4 16. dxe4 f6 17. Be1 a5 18. c3 Ba6 19. c4 Qd7 20. Nh2 Bc5 21. Qf3 Bb7
22. Qd3 f5 23. exf5 Qxf5 24. Qxf5 Rxf5 25. Ng4 h5 26. Nh2 e4 27. g4 hxg4 28.
hxg4 Rg5 29. b4 axb4 30. Rxa8+ Bxa8 31. Bd2 e3 32. fxe3 dxe3 0-1

[Event "51smm A Ehrenburg-Naturns"]
[Site "?"]
[Date "2020.03.07"]
[Round "9.1"]
[White "Unterthurner, Hans"]
[Black "Hengl, Christian"]
[Result "1/2-1/2"]
[WhiteElo "1923"]
[BlackElo "2156"]
[PlyCount "44"]
[EventDate "2020.03.07"]

1. e4 e6 2. d4 d5 3. Nc3 Nf6 4. Bg5 Be7 5. e5 Ne4 6. Nxe4 Bxg5 7. Nxg5 Qxg5 8.
Nf3 Qe7 9. Qd2 b6 10. Bd3 Ba6 11. O-O Bxd3 12. Qxd3 O-O 13. Rac1 c5 14. c4 Rd8
15. dxc5 bxc5 16. cxd5 Rxd5 17. Qb5 Nd7 18. Rfd1 Rd8 19. Rxd5 exd5 20. Qa5 g5
21. h3 h5 22. Qc7 Re8 1/2-1/2